[Event "Barcelona Sant Marti op-B 16th"]
[Site "Barcelona"]
[Date "2014.07.20"]
[Round "8"]
[White "Brandt, Stefan"]
[Black "Bernat Pascual, Magi"]
[Result "1-0"]
[WhiteElo "1889"]
[BlackElo "1869"]
[PlyCount "59"]
[EventDate "2014.07.13"]
[EventType "swiss"]
[EventRounds "9"]
[EventCountry "ESP"]
[SourceTitle "CBM 161 Extra"]
[Source "ChessBase"]
[SourceDate "2014.08.29"]
[SourceVersion "1"]
[SourceVersionDate "2014.08.29"]
[SourceQuality "1"]

1. e4 c6 2. d4 d5 3. e5 Bf5 4. c4 e6 5. Nc3 Nd7 6. Nge2 dxc4 7. Ng3 Ne7 8. Bxc4 Nb6 9. Bb3 Bg6 10. 0-0 Ned5 11. f4 Be7 12. f5 exf5 13. Nxf5 0-0 14. Qg4 Qd7 15. Nxd5 Nxd5 16. Nh6+ Kh8 17. Qxd7 Rfd8 18. Nxf7+ Bxf7 19. Qg4 Bg6 20. Bxd5 Rxd5 21. Be3 Re8 22. Rf4 Rdd8 23. h4 Bd3 24. Rf7 Bg6 25. Rxe7 Rxe7 26. Bg5 Ree8 27. Bxd8 Rxd8 28. Rf1 Bd3 29. Rf7 Bg6 30. Rxb7 1-0

[Event "Barcelona Sant Marti op-B 16th"]
[Site "Barcelona"]
[Date "2014.07.17"]
[Round "5"]
[White "Liarte Genoves, Sergi"]
[Black "Brandt, Stefan"]
[Result "1-0"]
[WhiteElo "2051"]
[BlackElo "1889"]
[PlyCount "71"]
[EventDate "2014.07.13"]
[EventType "swiss"]
[EventRounds "9"]
[EventCountry "ESP"]
[SourceTitle "CBM 161 Extra"]
[Source "ChessBase"]
[SourceDate "2014.08.29"]
[SourceVersion "1"]
[SourceVersionDate "2014.08.29"]
[SourceQuality "1"]

1. e4 d5 2. exd5 Qxd5 3. Nc3 Qa5 4. Bc4 Nf6 5. d3 c6 6. Bd2 Qc7 7. Qe2 Bf5 8. h3 h5 9. Nf3 Nbd7 10. 0-0-0 e6 11. Nd4 Bg6 12. Bxe6 0-0-0 13. Bxd7+ Rxd7 14. Be3 Bb4 15. Nb1 Re8 16. Qf3 Nd5 17. a3 Bc5 18. Nf5 Nxe3 19. Nxe3 Rde7 20. Nf5 Re5 21. Nxg7 Rd8 22. g4 hxg4 23. hxg4 Qb6 24. Nd2 Red5 25. Nc4 Qa6 26. Nh5 b5 27. Ne3 Bxe3+ 28. fxe3 b4 29. e4 Ra5 30. axb4 Rb5 31. Nf4 Rxb4 32. Nxg6 fxg6 33. Qf6 Qb6 34. b3 Qc5 35. Kb2 Rd6 36. Qf8+ 1-0

[Event "Barcelona Sant Marti op-B 16th"]
[Site "Barcelona"]
[Date "2014.07.16"]
[Round "4"]
[White "Brandt, Stefan"]
[Black "Delgado Camara, Lluis Felix"]
[Result "1-0"]
[WhiteElo "1889"]
[BlackElo "2047"]
[PlyCount "123"]
[EventDate "2014.07.13"]
[EventType "swiss"]
[EventRounds "9"]
[EventCountry "ESP"]
[SourceTitle "CBM 161 Extra"]
[Source "ChessBase"]
[SourceDate "2014.08.29"]
[SourceVersion "1"]
[SourceVersionDate "2014.08.29"]
[SourceQuality "1"]

1. e4 e6 2. d3 d5 3. Nd2 c5 4. Ngf3 Nc6 5. g3 g6 6. Bg2 Bg7 7. 0-0 Nge7 8. Re1 b6 9. c3 0-0 10. e5 Qc7 11. Qe2 a5 12. Nf1 a4 13. a3 b5 14. Bf4 Na5 15. h4 Nb3 16. Rad1 b4 17. N1h2 Ra7 18. Ng4 Nf5 19. Bh3 Qd8 20. Bg5 Qb6 21. Nf6+ Kh8 22. g4 Nh6 23. Qe3 d4 24. cxd4 cxd4 25. Qf4 Ng8 26. Nxg8 Kxg8 27. h5 f6 28. exf6 h6 29. hxg6 hxg5 30. f7+ Rfxf7 31. gxf7+ Rxf7 32. Qg3 Qd8 33. axb4 Bb7 34. Nd2 Nxd2 35. Rxd2 Rf3 36. Qh2 Rf4 37. Kf1 Qd6 38. Qg1 Qxb4 39. Rde2 Ba6 40. Qg3 Qb3 41. Rxe6 Bxd3+ 42. Kg1 Qc2 43. Bg2 Bc4 44. Re8+ Bf8 45. Be4 d3 46. Rf1 Rxe4 47. Rxe4 d2 48. Rxc4 Qxc4 49. Qf3 Bg7 50. Rd1 Qd4 51. Qe2 Qxb2 52. Rxd2 Qc1+ 53. Kg2 Qc6+ 54. Qf3 Qc8 55. Qd5+ Kf8 56. Qd6+ Kg8 57. Qd8+ Qxd8 58. Rxd8+ Kf7 59. Ra8 Be5 60. Rxa4 Bf4 61. Kf3 Ke6 62. Rxf4 1-0

[Event "Barcelona Sant Marti op-B 16th"]
[Site "Barcelona"]
[Date "2014.07.14"]
[Round "2"]
[White "Brandt, Stefan"]
[Black "Ramon Herraez, Alex"]
[Result "1-0"]
[WhiteElo "1889"]
[BlackElo "1832"]
[PlyCount "53"]
[EventDate "2014.07.13"]
[EventType "swiss"]
[EventRounds "9"]
[EventCountry "ESP"]
[SourceTitle "CBM 161 Extra"]
[Source "ChessBase"]
[SourceDate "2014.08.29"]
[SourceVersion "1"]
[SourceVersionDate "2014.08.29"]
[SourceQuality "1"]

1. e4 d5 2. exd5 Nf6 3. Bb5+ Bd7 4. Be2 Nxd5 5. d4 Bf5 6. Nf3 e6 7. 0-0 c5 8. a3 Be7 9. c4 Nf6 10. h3 0-0 11. Be3 cxd4 12. Nxd4 Bg6 13. Nc3 Nbd7 14. b4 b6 15. Nc6 Qe8 16. Nb5 a6 17. Nc7 Kh8 18. Nxe8 Rfxe8 19. Nxe7 Rxe7 20. Qb3 h6 21. Rfd1 Kh7 22. a4 Ree8 23. Bf3 Rac8 24. Bb7 Rb8 25. Bxa6 e5 26. Bb5 Bf5 27. a5 1-0

[Event "Barcelona Sant Marti op-B 16th"]
[Site "Barcelona"]
[Date "2014.07.13"]
[Round "1"]
[White "Kazmierczak, Ewa"]
[Black "Brandt, Stefan"]
[Result "1/2-1/2"]
[WhiteElo "1563"]
[BlackElo "1889"]
[PlyCount "163"]
[EventDate "2014.07.13"]
[EventType "swiss"]
[EventRounds "9"]
[EventCountry "ESP"]
[SourceTitle "CBM 161 Extra"]
[Source "ChessBase"]
[SourceDate "2014.08.29"]
[SourceVersion "1"]
[SourceVersionDate "2014.08.29"]
[SourceQuality "1"]

1. e4 d5 2. exd5 Qxd5 3. Nc3 Qa5 4. d4 Nf6 5. Nf3 Bf5 6. Bd3 e6 7. Bxf5 Qxf5 8. Ne2 c6 9. c3 Nbd7 10. Ng3 Qb5 11. Qe2 Be7 12. Qxb5 cxb5 13. Bd2 Nd5 14. 0-0 N7b6 15. b3 0-0 16. Rac1 Rac8 17. Ne2 Rc7 18. Ne5 Rfc8 19. Rfd1 Ba3 20. Rb1 Bd6 21. Nd3 Kf8 22. Rbc1 f6 23. h3 Kf7 24. Re1 g5 25. Rb1 Rc6 26. Nb2 h6 27. Nd1 Re8 28. Ne3 Bf4 29. Nxf4 Nxf4 30. c4 bxc4 31. bxc4 Re7 32. c5 Nc8 33. Nc2 Nd5 34. Ne3 Nf4 35. Nc2 Ng6 36. Re3 e5 37. Nb4 Rd7 38. Nxc6 bxc6 39. Reb3 Rxd4 40. Rb7+ Ke6 41. Be3 Ra4 42. R1b2 Nce7 43. Rc7 f5 44. f3 Kd5 45. Rd7+ Ke6 46. Rd6+ Kf7 47. Bf2 h5 48. Rbd2 Nf4 49. Rd7 Nfd5 50. Rb7 g4 51. Bh4 gxh3 52. Rxd5 Rxh4 53. Rdd7 hxg2 54. Rxe7+ Kf6 55. Rxa7 Rc4 56. Rf7+ Kg5 57. Kxg2 Kf4 58. Rh7 Rc2+ 59. Kh3 Rc3 60. Rxh5 Rxf3+ 61. Kg2 Rg3+ 62. Kf2 Rf3+ 63. Kg2 Rg3+ 64. Kf2 Rf3+ 65. Ke2 e4 66. a4 Rc3 67. Ra5 Kg4 68. Rh6 f4 69. Kd2 Rd3+ 70. Ke1 Kg3 71. Rxc6 e3 72. Rg6+ Kf3 73. c6 e2 74. Rg3+ fxg3 75. Rf5+ Ke4 76. Kxe2 Ra3 77. c7 Rc3 78. Rf7 Kd5 79. a5 Kd6 80. a6 Rxc7 81. Rxc7 Kxc7 82. Kf3 1/2-1/2